Normal view
MARC view
Entry Personal Name
001 - CONTROL NUMBER
- control field: 17534
003 - CONTROL NUMBER IDENTIFIER
- control field: OSt
005 - DATE AND TIME OF LATEST TRANSACTION
- control field: 20240620124509.0
008 - FIXED-LENGTH DATA ELEMENTS
- fixed length control field: 240620|| aca||aabn | a|a d
040 ## - CATALOGING SOURCE
- Original cataloging agency: OSt
- Transcribing agency: OSt
100 ## - HEADING--PERSONAL NAME
- Personal name: Pars L.A
670 ## - SOURCE DATA FOUND
- Source citation: Work cat.: (OSt)8670: Pars L.A. , Introduction to Dynamics/, 1953.
